000 00383 a2200157 4500
001 60328
020 _a
040 _cAnchieta - Pituba
100 _aRomero, Régis
240 1 0 _aVestibular por assunto - UFRN
_lpor
245 1 0 _aVestibular por assunto - UFRN
300 _a172
362 0 _a2007
650 4 _a. Vestibulares / Exames de admissão em universidades
942 _cBK
999 _c60328
_d60328